000 03951nab a2200349 i 4500
003 BR-BrBNA
005 20241017113407.0
008 241017b2019 bl.|r|pooa||| 00| 0 eng |
040 _aBR-BrBNA
_beng
072 _aL73
_b4110
072 _aL70
100 _aFalcão, M.V.D.
100 _aSantana, V.L.A.
100 _aCorrêa, F.N.
100 _aTenório, J.A. B.
100 _aMota, R.A.
245 _aDevelopment and standardization of a western blotting test for detection of antibodies against B. abortus
500 _aPublicação online; 31 ref.; Summaries (En, Pt)
520 _a ABSTRACT - Brucellosis is an infectious disease caused by bacteria of the genus Brucella spp. with diagnosis based on use of serological techniques. The present study aimed to develop and standardize a western blotting (WB) test for detection of antibodies against B. abortus. Samples from two groups of cattle were analyzed: group I: 60 serum samples from true positive and true negative vaccinated animals (30 positive samples from infected animals according to rose bengal test (RBT), 2-mercaptoethanol, serum agglutination test (SAT) and complement fixation test (CFT) and 30 RBT negatives samples); group II: 383 field samples (90 positive and 293 CFT negative sera). The most reactive band in the western blotting, which properly identified and separated infected from non – infected had a molecular weight of ≤ 20kDa. The sensitivity, specificity and accuracy of the WB compared to RBT was 93%, 99%, 98%, respectively and k= 0.938. When compared to CFT, the sensitivity, specificity and accuracy of the WB was 97%, 98% and 97%, respectively and k= 0.929. The WB developed and standardized in the present study is a serological test with potential use as a confirmatory test for the diagnosis of bovine brucellosis. Keywords: brucellosis, immunodiagnosis, proteomics, serology
520 _a RESUMO - A brucelose é uma doença infectocontagiosa, causada por bactérias do gênero Brucella spp., com diagnóstico baseado no emprego de técnicas sorológicas. Objetivou-se neste estudo desenvolver e padronizar um teste Western blotting (WB) para detecção de anticorpos contra B. abortus. Foram analisados dois grupos de amostras bovinas: grupo I, com 60 amostras de animais verdadeiros positivos e verdadeiros negativos vacinados (30 amostras positivas de animais infectados e positivos nos testes de antígeno acidificado tamponado (AAT), 2 – mercaptoetanol (2 – ME), soroaglutinação lenta em tubos (SAT) e fixação do complemento e de 30 amostras negativas no AAT); grupo II, com 383 amostras de campo, sendo 90 soropositivas e 293 soronegativas no TFC. O resultado da análise do WB revelou peso molecular ≤20kDa como sendo a área mais reativa e característica para identificação e separação dos animais infectados dos não infectados. A sensibilidade, a especificidade e a acurácia do WB, quando este foi comparado com o AAT, foram, respectivamente, 93%, 99% e 98%, e k= 0,938. Quando comparadas com a TFC, a sensibilidade, a especificidade e a acurácia foram 97%, 98% e 97%, respectivamente, e k= 0,929. O WB padronizado neste estudo mostrou-se um teste sorológico com potencial uso como teste confirmatório no diagnóstico da brucelose bovina. Palavras-chave: brucelose, imunodiagnóstico, proteômica, sorologia
650 _aBOVINO
650 _aDOENÇA ANIMAL
650 _aBRUCELOSE
650 _aBACTÉRIA
650 _aSOROLOGIA
650 _aANTICORPO
650 _aVETERINÁRIA
773 0 _01643
_9345321
_dBelo Horizonte-MG Universidade Federal de Minas Gerais - Escola de Veterinaria 1983
_o2024-5846
_tArquivo Brasileiro de Medicina Veterinária e Zootecnia (Brazil)
_x0102-0935
_gv. 71(1) p. 160-166; (2019)
_wBR2024002903
856 _uhttps://www.scielo.br/j/abmvz/a/jnBksqD36ZWknrdm8LNJF4R/?format=pdf&lang=en
942 _cANA
999 _c328157
_d328157